| 000 | 00760cam a2200277Ii 4500 | ||
|---|---|---|---|
| 001 | 7219465 | ||
| 003 | OSt | ||
| 005 | 20180116183024.0 | ||
| 008 | 761206t19761974nyu 000 1 eng d | ||
| 035 | _a(OCoLC)ocm02602200 | ||
| 035 | _a(OCoLC)2602200 | ||
| 035 | _a(NNC)7219465 | ||
| 040 |
_aAPL _cAPL _dOCLCQ |
||
| 050 | 4 |
_aPZ3.V3685 _bEAR 1976 |
|
| 082 | 0 | 4 | _a813.54 VOG 1976 |
| 100 | 1 |
_aVan Vogt, A. E. _q(Alfred Elton), _d1912-2000. |
|
| 245 | 1 | 0 |
_aThe Gryb _cA.E. Van Vogt. |
| 260 |
_aNew York : _bDaw Books, _c1976, c1974. |
||
| 300 |
_a174 p. ; _c18 cm. |
||
| 440 | _aThe Gryb | ||
| 500 | _aOriginal title: The secret galactics. | ||
| 740 | 0 | 1 | _aSecret galactics. |
| 942 |
_2ddc _cBK |
||
| 948 | 1 |
_a20090625 _bc _cgarecap1 _dOSMC |
|
| 999 |
_c350697 _d350697 |
||